| 000 | 00578nam a2200193 a 4500 | ||
|---|---|---|---|
| 001 | 1771298254809 | ||
| 003 | YourLibrary | ||
| 005 | 20260217084906.0 | ||
| 008 | 260217s1997##################000#0#eng## | ||
| 020 | _a9789052017068 | ||
| 082 | 0 | 4 |
_a337 _bDEM |
| 100 | 1 |
_aDemaret, Paul, _eauthor. |
|
| 245 | 1 | 0 | _aRegionalism and Multilateralism After the Uruguay Round : |
| 260 |
_bP.I.E-Peter Lang S.A., Editions Scientifiques Internationales, _c1997. |
||
| 300 | _a878 pages | ||
| 650 | 0 | _aBusiness & Economics. | |
| 942 | _cENGLISH | ||
| 040 |
_aYourLibrary _beng _cYourLibrary |
||
| 999 |
_c612949 _d612949 |
||